000 01011nam a22002415i 4500
001 176572
003 ES-MaACL
005 20230906220125.0
008 110124q1952 sp a 000 d spa d
080 _a821.134.2-23"19"
100 1 _aÁlvarez Quintero, Serafín,
_d1871-1938
_9226443
245 1 0 _aMarianela :
_badaptación escénica en tres actos de la novela del mismo título de Pérez Galdós /
_cpor Serafín y Joaquín Álvarez Quintero.
260 _aMadrid :
_b[s.n.,
_c1952?] (
_fArba, imp.)
300 _a62 p. ;
_c17 cm.
490 1 _aBiblioteca teatral ;
_v155
594 _aEn port.: Estrenada en el Teatro de la Princesa el 18 de octubre de 1916.
599 _aAntep. ilustrada.
600 1 7 _aPérez Galdós, Benito,
_d1843-1920-
_xAdaptaciones teatrales
_2
_9144856
700 1 _aÁlvarez Quintero, Joaquín,
_d1873-1944
_920922
830 1 _aBiblioteca teatral ;
_v155
_9190120
852 4 _aES-MaACL
_jE-14126 (155)
_xOlim P-302
_zEnc. con otros títulos
999 _c176572
_d176572